000 01265nam a2200301 i 4500
003 EG-GICUC
005 20260414103254.0
008 251222s1967 ua ||||fr|||| 00| 0 ara d
040 _a EG-GICUC
_bara
_c EG-GICUC
_d EG-GICUC
_erda
041 0 _aara
082 0 4 _221
_a345.451
_bم ح . ن
092 0 4 _221
099 _aLaw1 07 345.451 م ح . ن 1967
100 0 _aمحمد عصفور
_eمؤلف.
245 1 0 _aنحو نظرية عامة فى التاديب :
_bدراسة تحليلية ومقارنة لنظم التاديب فى نطاق قانون العمل والوظيفة العامة والمهن الحرة /
_cمحمد عصفور.
264 1 _aالقاهرة :
_bعالم الكتب،
_c1962.
300 _a390 ؛ صفحة
_c24 سم.
336 _2rda content
_atext
337 _2rda media
_aComputer
338 _2rda carrier
_aOnline Resource
504 _aيحتوي على ارجاعات ببليوجرافية
546 _aالنص أغلبه باللغة العربية مع بعض النصوص الفرنسية
650 1 4 _aالسلطات التاديبية
_xالقانون الإداري
_2qrmak
651 1 _2qrmak
856 4 0 _uhttps://fll.law.cu.edu.eg/fulltext/bks/B07-01573.pdf
905 _a75
942 _2ddc
_cBK
_e21
_n0
999 _c52170
_d52170